000 01264cam a2200313 i 4500
001 20461849
003 GBCCL
005 20251119123838.0
008 180420s2018 miu b 001 0 eng
020 _a9780802830555
_q(hardcover ;
_qalk. paper)
035 _a20461849
040 _aDLC
_beng
_cDLC
_erda
_dDLC
082 0 0 _a225.77
_223
_bNEW 1
100 1 _aDeSilva, David Arthur,
_eauthor.
245 1 4 _aThe letter to the Galatians /
_cDavid A. DeSilva.
264 1 _aGrand Rapids, Michigan :
_bWilliam B. Eerdmans Publishing Company,
_c[2018]
300 _alxxix, 542 pages ;
_c25 cm.
336 _atext
_btxt
_2rdacontent
337 _aunmediated
_bn
_2rdamedia
338 _avolume
_bnc
_2rdacarrier
490 0 _aThe new international commentary on the New Testament
504 _aIncludes bibliographical references and indexes.
630 0 0 _aBible.
_pGalatians
_vCommentaries.
655 7 _aCommentaries.
_2lcgft
_0https://id.loc.gov/authorities/genreForms/gf2025026014
906 _a7
_bcbc
_corignew
_d1
_eecip
_f20
_gy-gencatlg
942 _2ddc
_cREF
_n0
999 _c11055
_d11055